Statistics for Provinces of South Korea by Picture

Click here to take the quiz!

General Stats

  • This quiz has been taken 15 times
  • The average score is 14 of 18

Answer Stats

Answer% Correct
Busan
100%
Seoul
100%
Daegu
89%
Jeju
89%
Gangwon
78%
Gwangju
78%
Gyeonggi
78%
Incheon
78%
North Jeolla
78%
Sejong
78%
South Jeolla
78%
Daejeon
67%
North Chungcheong
67%
North Gyeongsang
67%
South Chungcheong
67%
South Gyeongsang
67%
Ulsan
67%
Ulleung
33%

Score Distribution

Percentile by Number Answered

Percent of People with Each Score

Your Score History

You have not taken this quiz